| 000 | 01120nam a2200421 a 4500 | ||
|---|---|---|---|
| 003 | AR-BaBNM | ||
| 005 | 20251128205558.0 | ||
| 008 | 082120s2002 ||||||||||||||000 | spa|| | ||
| 020 | _a84-7738-364-2 | ||
| 040 | _cAR-BaBNM | ||
| 100 | 1 | _aIsla Frez, Amancio | |
| 245 | 0 | 0 | _aLa Europa de los carolingios |
| 260 |
_aMadrid _bSíntesis _c1996 |
||
| 300 |
_a159 p. _bmapas |
||
| 490 | 0 |
_aHistoria universal: Medieval _vv. 3 |
|
| 500 | _aApéndice p. 139-150 | ||
| 504 | _aBibliografía para consultar p. 151-156 | ||
| 600 | 0 | 4 | _aCarlomagno |
| 600 | 0 | 4 | _aPipino |
| 650 | 4 | _aBURGUESIA | |
| 650 | 4 | _aIDEOLOGIAS | |
| 650 | 4 | _aCIENCIAS POLITICAS | |
| 650 | 4 | _aGUERRA | |
| 650 | 4 | _aFEUDALISMO | |
| 650 | 4 | _aHISTORIA EUROPEA | |
| 650 | 4 | _aDESCUBRIMIENTOS | |
| 650 | 4 | _aINNOVACIONES | |
| 650 | 4 | _aDESARROLLO CIENTIFICO | |
| 650 | 4 | _aINVESTIGACION CIENTIFICA | |
| 650 | 4 | _aCOMERCIO | |
| 650 | 4 | _aHISTORIA MEDIEVAL | |
| 650 | 4 | _aCULTURA | |
| 650 | 4 | _aCIVILIZACION | |
| 800 | 1 |
_aPlácido, Domingo _edirector |
|
| 800 | 1 |
_aManzano Moreno, Eduardo _ecoordinador |
|
| 942 | _cBK | ||
| 998 | _cMariana | ||
| 999 |
_c11976 _d11976 |
||